| 000 | 00784nam a22002417a 4500 | ||
|---|---|---|---|
| 001 | 3873 | ||
| 003 | FISKH | ||
| 005 | 20240521161018.0 | ||
| 008 | 240520b cb ||||| |||| 00| 0 eng d | ||
| 040 |
_aFISK _beng _cFISK _dFISK |
||
| 100 |
_aKeene Carolyn _d1905-2002 |
||
| 245 |
_aThe missing money mystery / _cCarolyn Keene |
||
| 260 |
_aNew York : _bWanderer Books, _c1985 |
||
| 300 |
_a117 pages : _billustrations ; _c20 cm |
||
| 490 |
_aNancy drew _v6 number |
||
| 505 | _aM | ||
| 520 | _aA self-directing adventure starring Nancy Drew and the Hardy brothers, who are investigating the disappearance of a briefcase full of money. | ||
| 521 | 8 |
_a720 _bLexile estimates |
|
| 521 | 8 |
_aM _bRaz-Plus |
|
| 700 | _aCarolyn Keene | ||
| 942 |
_2ddc _cBK _n0 |
||
| 999 |
_c3873 _d3873 |
||